VARS/DOS ekonomické informace

Saved in:
Bibliographic Details
Format: Book
Language:Czech
Published: Praha Kancelářské stroje 1983
Tags: Add Tag
No Tags, Be the first to tag this record!

MARC

LEADER 00000nam a2200000 4500
001 c132575
005 20041019155255.5
041 0 |a cze 
044 |a CZ 
245 1 0 |a VARS/DOS  |b ekonomické informace 
264 1 |a Praha  |b Kancelářské stroje  |c 1983 
300 |a 69 s.